000 02952nam0a2200409 4500
001 RU\NLR\BIBL_A\012930517
005 20230707161047.0
010 _a978-5-209-11286-0
_9150
021 _aRU
_bКН-П-22-066065
_9КН-П-22-5733
035 _a(NLR Aleph) 012930517
035 _a(RuMoRGB)011237509
090 _a12672977
_c12672977
100 _a20221103d2022 k y0rusy50 ca
101 0 _arus
102 _aRU
105 _ay z 100zy
181 0 _ai4
_baxxe
182 0 _an
200 1 _aПора в космос
_eсборник научных докладов и дополнительных материалов международной конференции-фестиваля ученых, [9-10, 12 апреля 2022]
_fответственный редактор: профессор Л. С. Раткин
_gАссоциация музеев космонавтики России (АМКОС), Компания "Альтернатива 777"
203 _aТекст
_bвизуальный
_cнепосредственный
210 _aМосква
_cРоссийский университет дружбы народов
_d2022
215 _a47 с.
_d21
320 _aБиблиогр.: с. 43-44 (3 назв.)
330 _aВ сборнике представлены научные доклады и дополнительные материалы международной конференции-фестиваля ученых "Пора в космос", которая была проведена в День космонавтики 12 апреля 2022. Предназначено для ознакомления руководства органов законодательной и исполнительной власти, промышленного и производственного секторов, коммерческих и некоммерческих предприятий, учебных и научных учреждений и в целом для широкой аудитории. Опубликованные материалы имеют публичный характер и согласованы с авторами для публикации
333 _a12+
606 1 _aКосмонавтика
_jСъезды, совещания и т.п
_2nlr_sh1
_2nlr_sh2
_3RU\NLR\AUTH\661255282
675 _a629.78(082)
_v4
686 _a39.62я43
_2rubbks
686 1 _aО6я431(0)
702 1 _aРаткин
_bЛ. С.
_4340
711 1 2 _a"Пора в космос", международная конференция-фестиваль ученых
_f2022
_eМосква
_3RU\NLR\AUTH\880576882
712 0 2 _aАссоциация музеев космонавтики России
_3RU\NLR\AUTH\8810231664
_4570
942 _cBOOK
980 _aNB